| 000 | 00613nam a2200229 a 4500 | ||
|---|---|---|---|
| 001 | BRL_641 | ||
| 005 | 20190320210831.0 | ||
| 008 | 170913s1972----nyu#######---#000-1#eng-# | ||
| 041 | _aeng | ||
| 044 | _anyu | ||
| 050 | 4 |
_aPR6056.O699 _b.F67 1972 |
|
| 100 | 1 |
_aForsyth, Frederick _924497 |
|
| 245 | 1 | 0 |
_aThe day of the Jackal _cFrederick Forsyth. |
| 260 |
_aNew York _bBantam Books _c1972 |
||
| 300 |
_a495 p. _c18 cm. |
||
| 500 | _aAu695 | ||
| 650 | 1 | 4 |
_aLiteratura inglesa _vNovela _924498 |
| 650 | 1 | 4 |
_aNovela policiaca _923905 |
| 650 | 1 | 4 |
_aEspias _xCiencia-Ficción _924499 |
| 902 | _aGRL | ||
| 942 |
_2lcc _cB |
||
| 999 |
_c9453 _d9453 |
||